| 000 | 00446nam a2200181Ia 4500 | ||
|---|---|---|---|
| 003 | GCL | ||
| 008 | 140319s9999 xx 000 0 eng d | ||
| 040 |
_aGCL / _cGCL |
||
| 082 | 0 | 4 |
_a770.468 _bD N |
| 100 | 1 | _aDEL CASTILLO, MICHEL | |
| 245 | 1 | 0 |
_aNOS ANDALOUSIES / _cDEL CASTILLO, MICHEL |
| 260 |
_a[S.N] : _bNONE ، _c1985 |
||
| 300 | _a121 P | ||
| 650 | 0 | 4 | _aPHOTOGRAPHY |
| 650 | 0 | 4 | _aANDALUSIA |
| 650 | 0 | 4 | _aART ANDALUSIA |
| 942 |
_2ddc _cBK |
||
| 999 |
_c17453 _d17453 |
||